Statistiques concernant Equipes gagnantes saison 2021/2022

Cliquez ici pour prendre le quiz!

Statistiques générales

  • Ce quiz a été pris 115 fois
    (75 depuis la dernière actualisation)
  • Le résultat moyen est 51 sur 88

Statistiques - réponses

HintRéponse% Correct
ATTKylian Mbappé
98%
GThibaut Courtois
97%
GThibaut Courtois
97%
ATTKarim Benzema
95%
ATTKarim Benzema
95%
ATTNeymar Jr
94%
MILMarco Verratti
92%
ATTVinicius Jr
92%
ATTVinicius Jr
92%
GKeylor Navas
90%
ATTLionel Messi
90%
MILToni Kroos
90%
MILToni Kroos
90%
DEFAchraf Hakimi
89%
MILLuka Modric
89%
MILLuka Modric
89%
DEFMarquinhos
89%
DEFEder Militao
87%
DEFEder Militao
87%
GEderson
87%
DEFPresnel Kimpembe
87%
GManuel Neuer
85%
DEFNuno Mendes
85%
DEFDani Carvajal
84%
MILKevin De Bruyne
81%
MILBernardo Silva
79%
GMike Maignan
79%
ATTOlivier Giroud
76%
DEFRuben Dias
76%
DEFDavid Alaba
74%
DEFDavid Alaba
74%
DEFLucas Hernandez
74%
ATTRafael Leao
74%
DEFTheo Hernandez
73%
ATTThomas Müller
73%
MILCasemiro
71%
MILCasemiro
71%
DEFFerland Mendy
71%
DEFFerland Mendy
71%
MILJoshua Kimmich
71%
MILPhil Foden
71%
DEFBenjamin Pavard
69%
MILFrederico Valverde
69%
MILFrederico Valverde
69%
ATTLeroy Sané
69%
ATTRobert Lewandowski
69%
DEFDayot Upamecano
63%
MILRodri
63%
ATTRaheem Sterling
61%
MILDanilo Pereira
60%
DEFFikayo Tomori
58%
ATTGabriel Jesus
58%
ATTJack Grealish
58%
ATTSerge Gnabry
58%
DEFAymeric Laporte
56%
DEFAlphonso Davies
52%
DEFJoao Cancelo
50%
GKevin Trapp
50%
MILSandro Tonali
45%
DEFPierre Kalulu
40%
ATTTammy Abraham
40%
DEFLucas Vazquez
39%
DEFNiklas Süle
39%
MILBrahim Diaz
37%
DEFDavide Calabria
35%
MILGeorginio Wijnaldum
27%
GRui Patricio
27%
MILDaichi Kamada
26%
DEFChris Smalling
23%
MILFranck Kessié
23%
MILLorenzo Pellegrini
23%
ATTNicolo Zaniolo
18%
DEFEvan NDicka
16%
DEFGianluca Mancini
16%
MILFilip Kostic
15%
MILBryan Cristante
13%
DEFRoger Ibanez
13%
ATTAlexis Saelemaekers
10%
ATTRafael Borré
10%
MILSebastian Rode
10%
MILJesper Lindström
8%
DEFRick Karsdorp
8%
DEFAlmamy Touré
6%
MILAngsar Knauff
6%
MILDjibril Sow
6%
DEFNicola Zalewski
5%
DEFTuta
5%
MILHenrick Mkhitaryan
2%

Distribution des résultats

Percentile par nombre de réponses

% des personnes avec chaque résultat

Votre développement - résultats

Vous n’avez pas pris ce quiz depuis la dernière actualisation